Años lentos : (Registro nro. 7464)

Detalles MARC
000 -CABECERA
campo de control de longitud fija 00821nam a22002057a 4500
003 - IDENTIFICADOR DEL NÚMERO DE CONTROL
campo de control DO-SdBJH
005 - FECHA Y HORA DE LA ÚLTIMA TRANSACCIÓN
campo de control 20230530183729.0
008 - DATOS DE LONGITUD FIJA--INFORMACIÓN GENERAL
campo de control de longitud fija 230530b |||||||| |||| 00| 0 spa d
040 ## - FUENTE DE LA CATALOGACIÓN
Centro catalogador/agencia de origen DO-SdBJH
Lengua de catalogación spa
Centro/agencia transcriptor DO-SdBJH
082 ## - NÚMERO DE LA CLASIFICACIÓN DECIMAL DEWEY
Número de clasificación 863
Número de documento/Ítem A661a 2012
100 1# - ENTRADA PRINCIPAL--NOMBRE DE PERSONA
Autor Personal Aramburu, Fernando
245 10 - MENCIÓN DE TÍTULO
Título Años lentos :
Mención de responsabilidad, etc. Fernando Aramburu
250 ## - MENCIÓN DE EDICIÓN
Mención de edición Segunda edición
260 ## - PUBLICACIÓN, DISTRIBUCIÓN, ETC.
Lugar de publicación, distribución, etc. Barcelona, España
Nombre del editor, distribuidor, etc. Tusquets Editores
Fecha de publicación, distribución, etc. 2012
300 ## - DESCRIPCIÓN FÍSICA
Extensión 219 páginas
Dimensiones 21cm
490 ## - MENCIÓN DE SERIE
Mención de serie Colección Andanzas
505 ## - NOTA DE CONTENIDO CON FORMATO
Nota de contenido con formato Primera cena……11 El episodio de las nueces………27 La cosa más sagrada….43 Gritos en la bañera……59 El comienzo de la partida………77 En busca de un yerno….97 <br/>
650 7# - PUNTO DE ACCESO ADICIONAL DE MATERIA--TÉRMINO DE MATERIA
Término de materia o nombre geográfico como elemento de entrada Familia
Subdivisión de forma novela
Subdivisión geográfica España
Fuente del encabezamiento o término Sears
942 ## - ELEMENTOS DE PUNTO DE ACCESO ADICIONAL (KOHA)
Fuente del sistema de clasificación o colocación Dewey Decimal Classification
Tipo de ítem Koha Libros
Existencias
Estado de retiro Estado de pérdida Fuente del sistema de clasificación o colocación Estado dañado No para préstamo Código de colección Localización permanente Ubicación/localización actual Ubicación en estantería Fecha de adquisición Número de inventario Total de préstamos Signatura topográfica completa Código de barras Fecha visto por última vez Número de copia Precio válido a partir de Tipo de ítem Koha
    Dewey Decimal Classification     Colección General SIBM UNADE - Biblioteca Escuela de Graduados de Estudios Militares, ERD SIBM UNADE - Biblioteca Escuela de Graduados de Estudios Militares, ERD En estantería 05/30/2023 23-EERD-01914   863 A661a 2012 23-EERD-01914 05/30/2023 Ej.1 05/30/2023 Libros
© Copyright 2016. Universidad Nacional para la Defensa.Todos los derechos reservados.

 

Designed & Maintained by: https://www.sibdweb.com.do
Sistema de Información & Bibliotecas (SIBD). Contact: pbrito2005@gmail.com